00462nam a2200169Ia 4500003000900000008004100009040001600050080001200066100001700078245009800095260002600193300001000219650001900229650001200248650001400260700001800274IN-BaIIA211028s9999 xx 000 0 eng d cIIA Library a50bMAR aMargenau, H. 4aThe scientistcH. Margenau and D. Bergamini  aNew YorkbWileyc1962 a200p. aNASA Thesaurus aScience aScientist aBergamini, D.